[Event "Blitz 2018"]
[Site "Saint-Petersburg"]
[Date "2018.12.29"]
[Round "8"]
[Board "19"]
[White "Gelfand Boris (ISR)"]
[Black "Oparin Grigoriy (RUS)"]
[Result "1/2-1/2"]
[LiveChessVersion "1.4.8"]
[BlackElo "2641"]
[WhiteElo "2722"]

1. d4 {[%clk 0:03:03]} Nf6 {[%clk 0:03:03]} 2. c4 {[%clk 0:03:05]} e6
{[%clk 0:03:04]} 3. g3 {[%clk 0:03:06]} d5 {[%clk 0:03:05]} 4. Bg2
{[%clk 0:03:07]} Bb4+ {[%clk 0:03:06]} 5. Nd2 {[%clk 0:03:07]} O-O
{[%clk 0:03:05]} 6. Ngf3 {[%clk 0:03:09]} b6 {[%clk 0:03:05]} 7. O-O
{[%clk 0:03:09]} Bb7 {[%clk 0:03:06]} 8. b3 {[%clk 0:03:10]} a5 {[%clk 0:02:53]}
9. Bb2 {[%clk 0:03:06]} Nbd7 {[%clk 0:02:54]} 10. Rc1 {[%clk 0:02:58]} Re8
{[%clk 0:02:46]} 11. cxd5 {[%clk 0:02:47]} exd5 {[%clk 0:02:45]} 12. Ne5
{[%clk 0:02:48]} Nxe5 {[%clk 0:02:17]} 13. dxe5 {[%clk 0:02:49]} Nd7
{[%clk 0:02:18]} 14. Nf3 {[%clk 0:02:24]} Bf8 {[%clk 0:02:17]} 15. Qc2
{[%clk 0:02:06]} c5 {[%clk 0:02:17]} 16. Rfd1 {[%clk 0:02:05]} Qe7
{[%clk 0:02:14]} 17. Nh4 {[%clk 0:01:51]} Nxe5 {[%clk 0:01:46]} 18. Bxd5
{[%clk 0:01:49]} Bxd5 {[%clk 0:01:46]} 19. Rxd5 {[%clk 0:01:49]} Ng6
{[%clk 0:01:47]} 20. Nxg6 {[%clk 0:01:30]} hxg6 {[%clk 0:01:48]} 21. e3
{[%clk 0:01:31]} a4 {[%clk 0:01:49]} 22. Rcd1 {[%clk 0:01:25]} axb3
{[%clk 0:01:49]} 23. axb3 {[%clk 0:01:25]} Rad8 {[%clk 0:01:41]} 24. Qd3
{[%clk 0:01:10]} Rxd5 {[%clk 0:01:40]} 25. Qxd5 {[%clk 0:01:11]} Qe6
{[%clk 0:01:35]} 26. Qxe6 {[%clk 0:00:59]} Rxe6 {[%clk 0:01:36]} 27. Rd8
{[%clk 0:00:59]} Rc6 {[%clk 0:01:33]} 28. Rb8 {[%clk 0:00:55]} f6
{[%clk 0:01:34]} 29. Kf1 {[%clk 0:00:48]} Kf7 {[%clk 0:01:35]} 30. h4
{[%clk 0:00:49]} Be7 {[%clk 0:01:11]} 31. Ke2 {[%clk 0:00:48]} c4
{[%clk 0:00:56]} 32. bxc4 {[%clk 0:00:48]} Rxc4 {[%clk 0:00:57]} 33. Rxb6
{[%clk 0:00:47]} Rb4 {[%clk 0:00:58]} 34. Rxb4 {[%clk 0:00:42]} Bxb4
{[%clk 0:00:59]} 35. e4 {[%clk 0:00:41]} Ke6 {[%clk 0:00:57]} 36. Bd4
{[%clk 0:00:37]} Bd6 {[%clk 0:00:53]} 37. Kf3 {[%clk 0:00:26]} Kf7
{[%clk 0:00:53]} 38. Kg4 {[%clk 0:00:24]} Ke6 {[%clk 0:00:53]} 39. f4
{[%clk 0:00:21]} Bb4 {[%clk 0:00:47]} 40. Kf3 {[%clk 0:00:19]} Be1
{[%clk 0:00:45]} 41. Bf2 {[%clk 0:00:13]} Bc3 {[%clk 0:00:46]} 42. Kg4
{[%clk 0:00:12]} Bb4 {[%clk 0:00:41]} 43. h5 {[%clk 0:00:12]} gxh5+
{[%clk 0:00:39]} 44. Kxh5 {[%clk 0:00:13]} f5 {[%clk 0:00:27]} 45. Kg6
{[%clk 0:00:06]} fxe4 {[%clk 0:00:26]} 46. f5+ {[%clk 0:00:07]} Ke5
{[%clk 0:00:27]} 47. g4 {[%clk 0:00:05]} Kf4 {[%clk 0:00:26]} 48. g5
{[%clk 0:00:05]} Bc3 {[%clk 0:00:26]} 49. f6 {[%clk 0:00:05]} 1/2-1/2

[Event "Blitz 2018"]
[Site "Saint-Petersburg"]
[Date "2018.12.29"]
[Round "8"]
[Board "20"]
[White "Alekseev Evgeny (RUS)"]
[Black "Guseinov Gadir (AZE)"]
[Result "1/2-1/2"]
[LiveChessVersion "1.4.8"]
[BlackElo "2708"]
[WhiteElo "2634"]

1. e4 {[%clk 0:03:03]} c5 {[%clk 0:03:04]} 2. Nf3 g6 3. d4 {[%clk 0:03:04]} cxd4
{[%clk 0:03:06]} 4. Nxd4 {[%clk 0:03:04]} Nc6 {[%clk 0:03:07]} 5. c4
{[%clk 0:03:05]} Nf6 {[%clk 0:03:08]} 6. Nc3 {[%clk 0:03:05]} d6 {[%clk 0:03:09]}
7. Be2 {[%clk 0:03:03]} Nxd4 {[%clk 0:03:08]} 8. Qxd4 {[%clk 0:03:03]} Bg7
{[%clk 0:03:10]} 9. Be3 {[%clk 0:03:00]} O-O {[%clk 0:03:09]} 10. Qd2
{[%clk 0:02:59]} a5 {[%clk 0:03:09]} 11. O-O {[%clk 0:02:54]} a4 {[%clk 0:03:10]}
12. Rac1 {[%clk 0:02:51]} Qa5 {[%clk 0:03:04]} 13. Rfd1 {[%clk 0:02:47]} Be6
{[%clk 0:03:02]} 14. f3 {[%clk 0:02:46]} Qb4 1/2-1/2

[Event "Blitz 2018"]
[Site "Saint-Petersburg"]
[Date "2018.12.29"]
[Round "8"]
[Board "22"]
[White "Shirov Alexei (ESP)"]
[Black "Roiz Michael (ISR)"]
[Result "0-1"]
[LiveChessVersion "1.4.8"]
[BlackElo "2617"]
[WhiteElo "2699"]

1. e4 {[%clk 0:03:03]} e5 {[%clk 0:03:03]} 2. Nf3 {[%clk 0:03:04]} Nc6
{[%clk 0:03:04]} 3. Bb5 {[%clk 0:03:05]} Nf6 {[%clk 0:03:05]} 4. d3
{[%clk 0:03:05]} Bc5 {[%clk 0:03:05]} 5. c3 {[%clk 0:03:05]} O-O {[%clk 0:03:05]}
6. Bg5 {[%clk 0:03:06]} Be7 {[%clk 0:03:02]} 7. O-O {[%clk 0:03:03]} d6
{[%clk 0:03:02]} 8. h3 {[%clk 0:03:04]} h6 {[%clk 0:02:38]} 9. Be3
{[%clk 0:03:05]} a6 {[%clk 0:02:19]} 10. Ba4 {[%clk 0:03:05]} Re8
{[%clk 0:02:08]} 11. Nbd2 {[%clk 0:03:02]} Bf8 {[%clk 0:02:09]} 12. d4
{[%clk 0:02:51]} Bd7 {[%clk 0:01:51]} 13. Bc2 {[%clk 0:02:43]} g6
{[%clk 0:01:27]} 14. Re1 {[%clk 0:02:26]} Bg7 {[%clk 0:01:28]} 15. a3
{[%clk 0:02:27]} a5 {[%clk 0:01:28]} 16. dxe5 {[%clk 0:02:19]} Nxe5
{[%clk 0:01:20]} 17. Nxe5 {[%clk 0:02:08]} dxe5 {[%clk 0:01:20]} 18. b4
{[%clk 0:01:58]} Be6 {[%clk 0:01:18]} 19. Qe2 {[%clk 0:01:53]} Nd7
{[%clk 0:01:18]} 20. Bb3 {[%clk 0:01:49]} Qe7 {[%clk 0:01:17]} 21. Qb5
{[%clk 0:01:43]} b6 {[%clk 0:01:11]} 22. Qc6 {[%clk 0:01:39]} Bxb3
{[%clk 0:01:00]} 23. Nxb3 {[%clk 0:01:39]} Qe6 {[%clk 0:01:01]} 24. Qxe6
{[%clk 0:01:31]} Rxe6 {[%clk 0:01:03]} 25. bxa5 {[%clk 0:01:21]} bxa5
{[%clk 0:01:03]} 26. Red1 {[%clk 0:01:22]} Nb6 {[%clk 0:01:01]} 27. a4
{[%clk 0:01:15]} Rc6 {[%clk 0:01:01]} 28. Rd3 {[%clk 0:01:10]} Bf8
{[%clk 0:00:59]} 29. Nd2 {[%clk 0:00:48]} Nc4 {[%clk 0:00:57]} 30. Nxc4
{[%clk 0:00:45]} Rxc4 {[%clk 0:00:58]} 31. f3 {[%clk 0:00:45]} Bc5
{[%clk 0:00:45]} 32. Kf1 {[%clk 0:00:34]} Rb8 {[%clk 0:00:45]} 33. Bxh6
{[%clk 0:00:32]} Rb2 {[%clk 0:00:44]} 34. Bd2 {[%clk 0:00:32]} f5
{[%clk 0:00:37]} 35. Rd5 {[%clk 0:00:27]} fxe4 {[%clk 0:00:37]} 36. fxe4
{[%clk 0:00:27]} Bb6 {[%clk 0:00:38]} 37. Ke2 {[%clk 0:00:24]} Rxc3
{[%clk 0:00:33]} 38. Rxe5 {[%clk 0:00:21]} Re3+ {[%clk 0:00:33]} 0-1

[Event "Blitz 2018"]
[Site "Saint-Petersburg"]
[Date "2018.12.29"]
[Round "8"]
[Board "24"]
[White "Tsydypov Zhamsaran (RUS)"]
[Black "Ponkratov Pavel (RUS)"]
[Result "1/2-1/2"]
[LiveChessVersion "1.4.8"]
[BlackElo "2688"]
[WhiteElo "2573"]

1. e4 {[%clk 0:03:02]} e5 {[%clk 0:03:04]} 2. Nf3 {[%clk 0:03:02]} Nf6
{[%clk 0:03:05]} 3. Nxe5 {[%clk 0:03:00]} d6 {[%clk 0:03:06]} 4. Nf3
{[%clk 0:03:00]} Nxe4 {[%clk 0:03:08]} 5. d4 {[%clk 0:02:59]} d5 {[%clk 0:03:06]}
6. Bd3 {[%clk 0:03:00]} Be7 {[%clk 0:03:05]} 7. O-O {[%clk 0:02:58]} O-O
{[%clk 0:03:00]} 8. c4 {[%clk 0:02:57]} Nc6 {[%clk 0:02:47]} 9. Re1
{[%clk 0:02:23]} Nf6 {[%clk 0:02:43]} 10. cxd5 {[%clk 0:01:52]} Nxd5
{[%clk 0:02:43]} 11. Nc3 {[%clk 0:01:36]} Bg4 {[%clk 0:02:40]} 12. Nxd5
{[%clk 0:01:33]} Qxd5 {[%clk 0:02:40]} 13. Be4 {[%clk 0:01:34]} Qd6
{[%clk 0:02:37]} 14. h3 {[%clk 0:01:21]} Bxf3 {[%clk 0:02:28]} 15. Bxf3
{[%clk 0:01:21]} Bf6 {[%clk 0:02:29]} 16. d5 {[%clk 0:01:18]} Ne5
{[%clk 0:02:14]} 17. Bf4 {[%clk 0:01:14]} Rfe8 {[%clk 0:02:15]} 18. Be4
{[%clk 0:01:13]} Qb4 {[%clk 0:02:14]} 19. Qc2 {[%clk 0:01:08]} g6
{[%clk 0:01:39]} 20. a3 {[%clk 0:01:02]} Qc4 {[%clk 0:01:34]} 21. Qxc4
{[%clk 0:00:49]} Nxc4 {[%clk 0:01:34]} 22. Bxc7 {[%clk 0:00:50]} Bxb2
{[%clk 0:01:35]} 23. Rad1 {[%clk 0:00:52]} f5 {[%clk 0:01:29]} 24. Bd3
{[%clk 0:00:48]} Rxe1+ {[%clk 0:00:53]} 25. Rxe1 {[%clk 0:00:49]} b5
{[%clk 0:00:54]} 26. d6 {[%clk 0:00:40]} Nxd6 {[%clk 0:00:50]} 27. Bxd6
{[%clk 0:00:11]} Rd8 {[%clk 0:00:51]} 28. Bxb5 {[%clk 0:00:08]} Rxd6
{[%clk 0:00:51]} 29. a4 {[%clk 0:00:09]} Rd2 {[%clk 0:00:46]} 30. Re2
{[%clk 0:00:10]} Rd1+ {[%clk 0:00:47]} 31. Kh2 {[%clk 0:00:11]} Bd4
{[%clk 0:00:47]} 32. g3 {[%clk 0:00:12]} Kf7 {[%clk 0:00:47]} 33. Kg2
{[%clk 0:00:12]} 1/2-1/2

[Event "Blitz 2018"]
[Site "Saint-Petersburg"]
[Date "2018.12.29"]
[Round "8"]
[Board "25"]
[White "Postny Evgeny (ISR)"]
[Black "Demchenko Anton (RUS)"]
[Result "0-1"]
[LiveChessVersion "1.4.8"]
[BlackElo "2572"]
[WhiteElo "2657"]

1. d4 {[%clk 0:03:03]} Nf6 {[%clk 0:03:04]} 2. c4 {[%clk 0:03:03]} g6
{[%clk 0:03:05]} 3. Nc3 Bg7 4. e4 {[%clk 0:03:05]} O-O {[%clk 0:03:06]} 5. Nf3
{[%clk 0:03:05]} d6 {[%clk 0:03:08]} 6. Be2 {[%clk 0:03:05]} Na6 {[%clk 0:03:09]}
7. h3 {[%clk 0:03:01]} e5 {[%clk 0:03:09]} 8. d5 {[%clk 0:03:02]} Nc5
{[%clk 0:03:09]} 9. Qc2 {[%clk 0:02:50]} a5 {[%clk 0:03:10]} 10. Be3
{[%clk 0:02:46]} c6 {[%clk 0:02:43]} 11. g4 {[%clk 0:02:37]} cxd5
{[%clk 0:02:41]} 12. cxd5 {[%clk 0:02:38]} a4 {[%clk 0:02:25]} 13. Nd2
{[%clk 0:02:33]} Bd7 {[%clk 0:02:24]} 14. a3 {[%clk 0:02:27]} Ne8
{[%clk 0:02:19]} 15. h4 {[%clk 0:02:17]} Nc7 {[%clk 0:02:19]} 16. h5
{[%clk 0:02:09]} b5 {[%clk 0:02:16]} 17. Na2 {[%clk 0:02:07]} N7a6
{[%clk 0:02:08]} 18. Kf1 {[%clk 0:01:44]} Rc8 {[%clk 0:02:05]} 19. Qd1
{[%clk 0:01:43]} Bf6 {[%clk 0:02:06]} 20. hxg6 {[%clk 0:01:17]} fxg6
{[%clk 0:02:07]} 21. Kg2 {[%clk 0:01:01]} Bg5 {[%clk 0:02:08]} 22. Rh3
{[%clk 0:00:58]} Bxe3 {[%clk 0:02:06]} 23. Rxe3 {[%clk 0:00:59]} Rf4
{[%clk 0:02:07]} 24. f3 {[%clk 0:00:52]} h5 {[%clk 0:02:05]} 25. gxh5
{[%clk 0:00:50]} Qg5+ {[%clk 0:02:05]} 26. Kf2 Qh4+ 27. Kf1 {[%clk 0:00:52]} Bh3+
{[%clk 0:02:07]} 0-1

[Event "Blitz 2018"]
[Site "Saint-Petersburg"]
[Date "2018.12.29"]
[Round "8"]
[Board "26"]
[White "Nozdrachev Vladislav (RUS)"]
[Black "Van Foreest Jorden (NED)"]
[Result "1-0"]
[LiveChessVersion "1.4.8"]
[BlackElo "2657"]
[WhiteElo "2521"]

1. e4 {[%clk 0:03:03]} e5 {[%clk 0:03:03]} 2. Nf3 {[%clk 0:03:04]} Nc6
{[%clk 0:03:04]} 3. Bc4 {[%clk 0:03:05]} Bc5 {[%clk 0:03:03]} 4. d3
{[%clk 0:03:06]} Nf6 {[%clk 0:03:04]} 5. c3 {[%clk 0:03:07]} d6 {[%clk 0:03:03]}
6. a4 {[%clk 0:03:08]} a6 {[%clk 0:03:02]} 7. O-O {[%clk 0:03:06]} Ba7
{[%clk 0:03:03]} 8. Re1 {[%clk 0:03:02]} h6 {[%clk 0:02:55]} 9. a5
{[%clk 0:02:51]} O-O {[%clk 0:02:55]} 10. h3 {[%clk 0:02:52]} Kh8
{[%clk 0:02:49]} 11. Be3 {[%clk 0:02:33]} Nh7 {[%clk 0:02:49]} 12. Bxa7
{[%clk 0:02:33]} Rxa7 13. Nbd2 Ra8 {[%clk 0:02:49]} 14. d4 {[%clk 0:02:29]} Qf6
{[%clk 0:02:47]} 15. Bd5 {[%clk 0:02:19]} Ne7 16. dxe5 {[%clk 0:02:17]} dxe5
{[%clk 0:02:48]} 17. Nc4 {[%clk 0:02:16]} c6 {[%clk 0:02:34]} 18. Nb6
{[%clk 0:02:17]} cxd5 {[%clk 0:02:35]} 19. exd5 {[%clk 0:02:06]} Rb8
{[%clk 0:02:31]} 20. d6 Ng6 {[%clk 0:01:38]} 21. d7 {[%clk 0:02:07]} Rd8
{[%clk 0:01:38]} 22. Nxc8 {[%clk 0:01:30]} Nhf8 {[%clk 0:01:39]} 23. Nb6
{[%clk 0:01:29]} Qf5 {[%clk 0:01:37]} 24. Qd5 {[%clk 0:01:04]} Nxd7
{[%clk 0:01:38]} 25. g4 {[%clk 0:00:43]} Qf4 {[%clk 0:01:29]} 26. Nxd7
{[%clk 0:00:39]} f6 {[%clk 0:01:00]} 27. Re3 {[%clk 0:00:28]} Rbc8
{[%clk 0:00:42]} 28. Rd1 Rc7 {[%clk 0:00:43]} 29. Qe6 {[%clk 0:00:09]} Qa4 30.
Red3 {[%clk 0:00:08]} Nf4 {[%clk 0:00:44]} 31. Nxf6 {[%clk 0:00:04]} Nxd3
{[%clk 0:00:42]} 32. Rxd3 {[%clk 0:00:03]} Rf8 {[%clk 0:00:29]} 33. Nxe5
{[%clk 0:00:06]} 1-0

[Event "Blitz 2018"]
[Site "Saint-Petersburg"]
[Date "2018.12.29"]
[Round "8"]
[Board "27"]
[White "Amonatov Farrukh (TJK)"]
[Black "Kazhgaleyev Murtas (KAZ)"]
[Result "0-1"]
[LiveChessVersion "1.4.8"]
[BlackElo "2553"]
[WhiteElo "2656"]

1. Nf3 {[%clk 0:03:03]} d6 {[%clk 0:03:03]} 2. e4 {[%clk 0:03:02]} e5
{[%clk 0:03:03]} 3. d4 {[%clk 0:03:03]} exd4 {[%clk 0:03:04]} 4. Nxd4
{[%clk 0:03:04]} Nf6 5. Nc3 Be7 {[%clk 0:03:05]} 6. g3 {[%clk 0:03:07]} O-O
{[%clk 0:03:03]} 7. Bg2 {[%clk 0:03:08]} Re8 {[%clk 0:03:04]} 8. O-O
{[%clk 0:03:09]} Bf8 {[%clk 0:03:04]} 9. h3 {[%clk 0:03:09]} Nc6 {[%clk 0:03:04]}
10. Nde2 {[%clk 0:03:09]} Ne5 {[%clk 0:03:03]} 11. f4 {[%clk 0:03:06]} Ng6
{[%clk 0:03:04]} 12. Be3 {[%clk 0:03:04]} c6 {[%clk 0:03:03]} 13. Qd2
{[%clk 0:02:50]} b5 {[%clk 0:02:53]} 14. a3 {[%clk 0:02:49]} Bb7 {[%clk 0:02:38]}
15. Rad1 {[%clk 0:02:47]} Qc7 {[%clk 0:02:39]} 16. Nd4 {[%clk 0:02:33]} a6
{[%clk 0:02:32]} 17. f5 {[%clk 0:01:33]} Ne5 18. b3 Ned7 {[%clk 0:02:20]} 19.
Nde2 {[%clk 0:01:06]} a5 {[%clk 0:02:01]} 20. Rf4 {[%clk 0:00:56]} b4
{[%clk 0:02:01]} 21. axb4 {[%clk 0:00:57]} axb4 {[%clk 0:02:02]} 22. Na4
{[%clk 0:00:33]} c5 {[%clk 0:01:51]} 23. Qd3 {[%clk 0:00:35]} c4 {[%clk 0:01:35]}
24. Qd4 {[%clk 0:00:36]} d5 {[%clk 0:01:25]} 25. exd5 Bd6 {[%clk 0:01:21]} 26.
Qd2 {[%clk 0:00:16]} c3 {[%clk 0:00:59]} 27. Qd4 {[%clk 0:00:17]} Rxa4
{[%clk 0:00:55]} 28. bxa4 {[%clk 0:00:12]} Bc5 {[%clk 0:00:56]} 29. d6
{[%clk 0:00:13]} Qc8 {[%clk 0:00:49]} 30. Bxb7 {[%clk 0:00:12]} Qxb7
{[%clk 0:00:49]} 31. Qxc5 {[%clk 0:00:13]} Nxc5 {[%clk 0:00:49]} 32. Bxc5
{[%clk 0:00:07]} Rxe2 {[%clk 0:00:50]} 33. Bf2 {[%clk 0:00:07]} h5
{[%clk 0:00:45]} 34. a5 {[%clk 0:00:06]} Rxc2 {[%clk 0:00:43]} 35. d7
{[%clk 0:00:06]} Nxd7 {[%clk 0:00:41]} 36. a6 {[%clk 0:00:07]} Qxa6
{[%clk 0:00:37]} 37. Rxd7 {[%clk 0:00:08]} Rc1+ {[%clk 0:00:38]} 0-1

[Event "Blitz 2018"]
[Site "Saint-Petersburg"]
[Date "2018.12.29"]
[Round "8"]
[Board "29"]
[White "Jakovenko Dmitry (RUS)"]
[Black "Sjugirov Sanan (RUS)"]
[Result "0-1"]
[LiveChessVersion "1.4.8"]
[BlackElo "2748"]
[WhiteElo "2616"]

1. Nf3 {[%clk 0:03:03]} Nf6 {[%clk 0:02:55]} 2. c4 {[%clk 0:03:04]} g6
{[%clk 0:02:43]} 3. Nc3 {[%clk 0:03:04]} d5 {[%clk 0:02:41]} 4. cxd5
{[%clk 0:03:05]} Nxd5 {[%clk 0:02:43]} 5. g3 {[%clk 0:03:05]} Bg7
{[%clk 0:02:40]} 6. Bg2 {[%clk 0:03:06]} O-O {[%clk 0:02:27]} 7. h4
{[%clk 0:03:06]} Nc6 {[%clk 0:02:17]} 8. h5 {[%clk 0:03:02]} e5 {[%clk 0:02:16]}
9. Nxd5 {[%clk 0:02:50]} Qxd5 {[%clk 0:02:16]} 10. d3 {[%clk 0:02:50]} Bg4
{[%clk 0:02:04]} 11. hxg6 {[%clk 0:02:43]} hxg6 {[%clk 0:02:05]} 12. Rh4
{[%clk 0:02:41]} Bxf3 {[%clk 0:01:48]} 13. Bxf3 {[%clk 0:02:40]} Qd6
{[%clk 0:01:48]} 14. Qa4 {[%clk 0:02:27]} Nd4 {[%clk 0:01:45]} 15. Bxb7
{[%clk 0:02:23]} Rab8 {[%clk 0:01:45]} 16. Bg2 {[%clk 0:02:23]} c5
{[%clk 0:01:25]} 17. Qd1 {[%clk 0:02:01]} Rfd8 {[%clk 0:01:23]} 18. b3
{[%clk 0:01:48]} e4 {[%clk 0:01:22]} 19. Bf4 {[%clk 0:01:42]} Be5
{[%clk 0:00:58]} 20. Bxe5 {[%clk 0:01:42]} Qxe5 {[%clk 0:00:59]} 21. Rxe4
{[%clk 0:01:26]} Nc2+ {[%clk 0:01:01]} 22. Qxc2 {[%clk 0:01:25]} Qxa1+
{[%clk 0:01:02]} 23. Kd2 {[%clk 0:01:20]} Qg1 {[%clk 0:01:01]} 24. Bf3
{[%clk 0:01:02]} Qxf2 {[%clk 0:01:01]} 25. g4 {[%clk 0:00:51]} Re8
{[%clk 0:00:56]} 26. Rxe8+ {[%clk 0:00:28]} Rxe8 {[%clk 0:00:57]} 27. Qc4
{[%clk 0:00:28]} Qe3+ {[%clk 0:00:48]} 28. Kd1 {[%clk 0:00:27]} Kg7
{[%clk 0:00:44]} 29. Qb5 {[%clk 0:00:22]} Re7 {[%clk 0:00:43]} 30. Qa6
{[%clk 0:00:19]} Qd4 {[%clk 0:00:41]} 31. Kd2 {[%clk 0:00:18]} Qb2+
{[%clk 0:00:34]} 32. Kd1 {[%clk 0:00:19]} Rd7 {[%clk 0:00:22]} 33. Ke1
{[%clk 0:00:19]} Qa1+ {[%clk 0:00:20]} 34. Kf2 {[%clk 0:00:20]} Re7
{[%clk 0:00:17]} 35. Kg2 {[%clk 0:00:18]} Qd4 {[%clk 0:00:15]} 36. Qc6
{[%clk 0:00:17]} Qe5 {[%clk 0:00:10]} 37. Qa6 {[%clk 0:00:16]} Rd7
{[%clk 0:00:08]} 38. Qc6 {[%clk 0:00:16]} Rd8 {[%clk 0:00:10]} 39. Kf2
{[%clk 0:00:11]} Rh8 {[%clk 0:00:06]} 40. Ke1 {[%clk 0:00:11]} Qa1+
{[%clk 0:00:07]} 41. Kf2 {[%clk 0:00:10]} Rh2+ {[%clk 0:00:07]} 42. Kg3
{[%clk 0:00:10]} Qg1+ {[%clk 0:00:07]} 43. Kf4 {[%clk 0:00:11]} Qd4+
{[%clk 0:00:04]} 44. Kg3 {[%clk 0:00:11]} Qe5# {[%clk 0:00:05]} 0-1

[Event "Blitz 2018"]
[Site "Saint-Petersburg"]
[Date "2018.12.29"]
[Round "8"]
[Board "30"]
[White "Motylev Alexander (RUS)"]
[Black "Jones Gawain C B (ENG)"]
[Result "1-0"]
[LiveChessVersion "1.4.8"]
[BlackElo "2722"]
[WhiteElo "2609"]

1. e4 {[%clk 0:03:02]} c5 {[%clk 0:03:03]} 2. Nc3 {[%clk 0:03:03]} g6
{[%clk 0:03:04]} 3. h4 {[%clk 0:02:58]} Nc6 {[%clk 0:02:59]} 4. h5
{[%clk 0:02:57]} Bg7 {[%clk 0:02:57]} 5. d3 {[%clk 0:02:54]} Rb8 {[%clk 0:02:56]}
6. h6 {[%clk 0:02:30]} Bf8 {[%clk 0:02:44]} 7. Nf3 {[%clk 0:02:30]} e5
{[%clk 0:02:34]} 8. Nd5 {[%clk 0:02:29]} d6 {[%clk 0:02:34]} 9. c3
{[%clk 0:02:22]} Bg4 {[%clk 0:02:26]} 10. Be2 {[%clk 0:02:20]} Bh5
{[%clk 0:01:49]} 11. Bg5 {[%clk 0:01:44]} f6 {[%clk 0:01:42]} 12. Be3
{[%clk 0:01:32]} Bxh6 {[%clk 0:01:37]} 13. g4 {[%clk 0:01:14]} Bxe3
{[%clk 0:01:17]} 14. Nxe3 {[%clk 0:01:14]} Bxg4 {[%clk 0:01:16]} 15. Nxg4
{[%clk 0:01:15]} f5 {[%clk 0:01:03]} 16. exf5 {[%clk 0:01:12]} gxf5
{[%clk 0:01:04]} 17. Ne3 {[%clk 0:01:13]} Nge7 {[%clk 0:01:03]} 18. Nh4
{[%clk 0:01:08]} Qd7 {[%clk 0:01:00]} 19. Bh5+ {[%clk 0:00:55]} Kd8
{[%clk 0:01:01]} 20. Qf3 {[%clk 0:00:56]} Rf8 {[%clk 0:01:00]} 21. O-O-O
{[%clk 0:00:55]} d5 {[%clk 0:00:58]} 22. Nhxf5 {[%clk 0:00:43]} Nxf5
{[%clk 0:00:58]} 23. Bg4 {[%clk 0:00:43]} Nce7 {[%clk 0:00:53]} 24. Nxf5
{[%clk 0:00:43]} Rxf5 {[%clk 0:00:31]} 25. Bxf5 {[%clk 0:00:43]} Nxf5
{[%clk 0:00:32]} 26. Rh5 {[%clk 0:00:39]} Ne7 {[%clk 0:00:33]} 27. Rxh7
{[%clk 0:00:37]} Kc7 {[%clk 0:00:33]} 28. Qf6 {[%clk 0:00:38]} Re8
{[%clk 0:00:33]} 29. Qxe5+ {[%clk 0:00:39]} Kb6 {[%clk 0:00:33]} 30. Re1
{[%clk 0:00:23]} Nc6 {[%clk 0:00:33]} 31. Qxe8 {[%clk 0:00:23]} Qxh7
{[%clk 0:00:34]} 32. Qe3 {[%clk 0:00:24]} d4 {[%clk 0:00:34]} 33. Qd2
{[%clk 0:00:24]} Qf5 {[%clk 0:00:33]} 34. f4 {[%clk 0:00:24]} a5 {[%clk 0:00:34]}
35. a4 {[%clk 0:00:24]} Qf7 {[%clk 0:00:34]} 36. Kb1 {[%clk 0:00:23]} dxc3
{[%clk 0:00:32]} 37. bxc3 {[%clk 0:00:23]} Ka7 {[%clk 0:00:32]} 38. Kb2
{[%clk 0:00:24]} c4 {[%clk 0:00:26]} 39. Re4 {[%clk 0:00:21]} cxd3
{[%clk 0:00:24]} 40. Qe3+ {[%clk 0:00:22]} Ka6 {[%clk 0:00:21]} 41. Qxd3+ Ka7 42.
Qb5 {[%clk 0:00:20]} Qg6 {[%clk 0:00:19]} 43. Qc5+ {[%clk 0:00:20]} Kb8
{[%clk 0:00:16]} 44. Qe3 {[%clk 0:00:17]} Qg2+ {[%clk 0:00:13]} 45. Qe2
{[%clk 0:00:17]} Qh1 {[%clk 0:00:09]} 46. Re8+ {[%clk 0:00:18]} Kc7
{[%clk 0:00:08]} 47. f5 {[%clk 0:00:19]} Qh4 {[%clk 0:00:08]} 48. Re4
{[%clk 0:00:18]} Qf6 {[%clk 0:00:08]} 49. Qf2 {[%clk 0:00:16]} Kb8
{[%clk 0:00:04]} 50. Qf4+ {[%clk 0:00:16]} Ka7 {[%clk 0:00:06]} 51. Re6
{[%clk 0:00:18]} Qf7 {[%clk 0:00:05]} 52. Qe3+ {[%clk 0:00:19]} Ka6
{[%clk 0:00:06]} 53. f6 {[%clk 0:00:19]} Qh5 {[%clk 0:00:05]} 54. Qe2+
{[%clk 0:00:17]} Qxe2+ {[%clk 0:00:05]} 55. Rxe2 {[%clk 0:00:18]} Nd8
{[%clk 0:00:07]} 56. Re7 {[%clk 0:00:19]} 1-0